Medicinal Chemistry (Record no. 8722)

MARC details
000 -LEADER
fixed length control field 00956nam a22001697a 4500
003 - CONTROL NUMBER IDENTIFIER
control field OSt
008 - FIXED-LENGTH DATA ELEMENTS--GENERAL INFORMATION
fixed length control field 200707b ||||| |||| 00| 0 eng d
020 ## - INTERNATIONAL STANDARD BOOK NUMBER
International Standard Book Number 9788123917900
100 ## - MAIN ENTRY--PERSONAL NAME
Personal name Razdan, Balkishan
245 ## - TITLE STATEMENT
Title Medicinal Chemistry
250 ## - EDITION STATEMENT
Edition statement 2nd, 2019
260 ## - PUBLICATION, DISTRIBUTION, ETC. (IMPRINT)
Place of publication, distribution, etc New Delhi
Name of publisher, distributor, etc CBS Publishers & Distributors Pvt. Ltd.
300 ## - PHYSICAL DESCRIPTION
Extent Pg. 104
500 ## - GENERAL NOTE
General note It aims to be a text for the undergraduate students of pharmacy. The book provides detailed information on the various classes of drugs used in clinical practice. Each chapter gives an introduction about the disease, classes of compounds used, their mechanism of action, and structure-activity relationships. At the end of each chapter synthesis of selected compounds used in clinical practice is given. The text is divided into ten sections, discussing a wide variety of topics to fully cover and meet the requirements of the students.
650 ## - SUBJECT ADDED ENTRY--TOPICAL TERM
Topical term or geographic name as entry element Medicinal Chemistry
942 ## - ADDED ENTRY ELEMENTS (KOHA)
Source of classification or shelving scheme Dewey Decimal Classification
Koha item type Text Books
942 ## - ADDED ENTRY ELEMENTS (KOHA)
-- 1
Holdings
Withdrawn status Lost status Source of classification or shelving scheme Damaged status Not for loan Collection code Home library Current library Date acquired Source of acquisition Currency Cost, normal purchase price Bill Number Total Checkouts Full call number Acc. no. / Barcode Date last seen Date last borrowed Actual Cost, discounted price Bill Date Koha item type
    Dewey Decimal Classification     B.Pharma PIET C-LIBRARY PIET C-LIBRARY 01/02/2020 Kirti Prakashan IN Rupees 650.00 IN6239 2 615.19 RAM BP760 17/06/2025 31/03/2025 419.25 01/02/2020 Text Books
    Dewey Decimal Classification     B.Pharma PIET C-LIBRARY PIET C-LIBRARY 01/02/2020 Kirti Prakashan IN Rupees 650.00 IN6239   615.19 RAM BP761 07/07/2020   419.25 01/02/2020 Reference Books

Design & Developed by: PIET Central Library
R70 Miles Stone Pattikalyana Samalkha Panipat 132102
mail ID :- [email protected], Phone No:- 0180-2569700 Ex.216